000 02423 a2200313 4500
999 _c115516
_d115516
003 BJBSDDR
005 20230411090731.0
007 ta
008 261021s2004 nyu||||| |||| 00| 0 eng d
020 _a9780804750172 (paperback)
020 _a0804750173 (paperback)
040 _bspa
_cBJBSDDR
041 _aeng
050 1 4 _aJZ 1313
_bB171 2004
082 0 0 _a327.1
245 0 0 _aBalance of power :
_btheory and practice in the 21st century /
_cedited by T.V. Paul, James J. Wirtz, Michel Fortmann.
260 _aStanford (Calif.) :
_bStanford University Press,
_c2004
300 _axiv, 384 pages ;
_c23 cm.
500 _a"The chapters in this volume were first presented in May 2002 at a conference at McGill University"--Acknowledgements.
505 _a1. What do great powers balance against and when? / Jack S. Levy -- 2. Great powers in the post-Cold War world: a power transition perspective / Douglas Lemke -- 3. The political economy of balance of power theory / Mark R. Brawley -- 4. The war on terrorism and the balance of power: the paradoxes of American hegemony / Christopher Layne -- 5. The balance of power paradox / James J. Wirtz -- 6. A world not in the balance: war, politics, and weapons of mass destruction / Edward Rhodes -- 7. Europe hedges its security bets / Robert J. Art -- 8. Revisiting balance of power theory in Central Eurasia / William C. Wohlforth -- 9. The international system and regional balance in the Middle East / Benjamin Miller -- 10. Bipolarity and balancing in East Asia / Robert S. Ross -- 11. The South Asian security balance in a western dominant world / Raju G.C. Thomas -- 12. Regime type and regional security in Latin America: toward a "balance of identity" theory / Michael Barletta and Harold Trinkunas.
520 _aThis volume examines the present and future of balance of power dynamics in international politics and examines theoretical and historical criticisms of balance of power theory while empirically assessing its validity at both global and regional levels. Italso looks at systemic factors favoring or hindering a return to balance of power politics.
650 4 _9154
_aRelaciones internacionales
650 4 _914758
_aPoder polĂ­tico
700 1 _918755
_aPaul,T. V.
_q(Thazha Varkey),
_d1956-
_eeditor
700 1 _918759
_aWirtz, James J
_eeditor
700 1 _919421
_aFortmann, Michel
_eeditor
942 _2lcc
_cBK
946 _idpf